<?xml version="1.0" encoding="UTF-8"?>
<collection xmlns="http://www.loc.gov/MARC21/slim">
 <record>
  <leader>00828nam a2200289   4500</leader>
  <controlfield tag="001">DLU040028585</controlfield>
  <controlfield tag="005">##20040621</controlfield>
  <datafield tag="040" ind1="#" ind2="#">
   <subfield code="a">DLU</subfield>
   <subfield code="b">vie</subfield>
  </datafield>
  <datafield tag="041" ind1="#" ind2="#">
   <subfield code="a">vie</subfield>
  </datafield>
  <datafield tag="044" ind1="#" ind2="#">
   <subfield code="a">vn</subfield>
  </datafield>
  <datafield tag="082" ind1="#" ind2="#">
   <subfield code="a">338.951</subfield>
   <subfield code="b">CIE</subfield>
  </datafield>
  <datafield tag="110" ind1="#" ind2="#">
   <subfield code="a">Viện Nghiên cứu Quản lý Kinh tế Trung Ương (CIEM)</subfield>
  </datafield>
  <datafield tag="245" ind1="#" ind2="#">
   <subfield code="a">Chính sách phát triển kinh tế :</subfield>
   <subfield code="b">kinh nghiệm và bài học của Trung Quốc.</subfield>
   <subfield code="n">t.I /</subfield>
   <subfield code="c">Viện Nghiên cứu Quản lý Kinh tế Trung Ương (CIEM), Dự án VIE 01/012 (UNDP)</subfield>
  </datafield>
  <datafield tag="260" ind1="#" ind2="#">
   <subfield code="a">H. :</subfield>
   <subfield code="b">Giao thông Vận tải,</subfield>
   <subfield code="c">2003</subfield>
  </datafield>
  <datafield tag="300" ind1="#" ind2="#">
   <subfield code="a">267 tr. ;</subfield>
   <subfield code="c">24 cm</subfield>
  </datafield>
  <datafield tag="923" ind1="#" ind2="#">
   <subfield code="a">15/2004</subfield>
  </datafield>
  <datafield tag="990" ind1="#" ind2="#">
   <subfield code="a">t.I</subfield>
  </datafield>
  <datafield tag="992" ind1="#" ind2="#">
   <subfield code="a">65000</subfield>
  </datafield>
  <datafield tag="994" ind1="#" ind2="#">
   <subfield code="a">DLU</subfield>
  </datafield>
  <datafield tag="900" ind1="#" ind2="#">
   <subfield code="a">True</subfield>
  </datafield>
  <datafield tag="911" ind1="#" ind2="#">
   <subfield code="a">Đào Thị Thu Huyền</subfield>
  </datafield>
  <datafield tag="925" ind1="#" ind2="#">
   <subfield code="a">G</subfield>
  </datafield>
  <datafield tag="926" ind1="#" ind2="#">
   <subfield code="a">A</subfield>
  </datafield>
  <datafield tag="927" ind1="#" ind2="#">
   <subfield code="a">SH</subfield>
  </datafield>
  <datafield tag="980" ind1="#" ind2="#">
   <subfield code="a">Thư viện Trường Đại học Đà Lạt</subfield>
  </datafield>
 </record>
</collection>
